01741nam a2200313 a 450000100090000000300090000900500170001800700090003500800410004402000180008504000220010310000260012524502350015126000400038630000450042649000110047150000560048250505260053865000460106465000450111065000400115565000510119565000460124670000260129270000370131870000330135570000280138883000110141600003832DO-SdBNP20180309083328.000003832091118s2014 dr abc 000 0 spa d a9789945118421 aBPMSUbspacBPMSU1 aLafontaine, Ana Luisa10aSociedad 4 ; República Dominicana hoy:beducación media /cAna Luisa Lafontaine, Eric Castro Ricart ; editores Fanny Capellán Almonte , Eric Castro Ricart ; dirección editorial Obdulia García de Escobar y Claudia Llibre. aSanto Domingo :bSantillana,c2014. a271 p. : bil., mapas., retrs. ;c28 cm.1 aInnova aEducación /2do./2do. ciclo/Cuarto de bachillerato tBloque 1.t1. Las luchas por la democracia - 2. El gobierno de Juan Bosch - 3. El golpe de Estado de 1963 - 4. La Guerra de Abril. --tBloque 2.t5. Los doce años - 6. Los gobiernos de 1978-1994 - 7. Gobiernos de 1994 - 2012.tBloque 3.t8. División territorial dominicana - 9. La población dominicana - 10. El sector primario - 11. Industria, transporte ycomunicación - 12. Comercio, turismo y otros servicios.tBloque 4.t13. El espacio urbano - 14. Reforma y globalización - 15. Desarrollo socioeconómico. aCIENCIAS SOCIALESxEDUCACIÓN SECUNDARIA 4aCIENCIAS SOCIALESxESTUDIOS Y EJERCICIOS 4aCIENCIAS SOCIALESxLIBROS DE TEXTOS 4aEDUCACIÓN SECUNDARIAzREPÚBLICA DOMINICANA 4aCIENCIAS SOCIALESxENSEÑANZA SECUNDARIA12aCastro Ricart, Eric.12aCapellán Almonte, Fanny, eed.12aGarca Escobar, Obdulia,eed.12aLlibre, Claudia, eed.  0aInnova